घराचा मालक. (Record no. 253501)

MARC details
000 -LEADER
fixed length control field 00620nam a2200181Ia 4500
008 - FIXED-LENGTH DATA ELEMENTS--GENERAL INFORMATION
fixed length control field 090630s9999 xx 000 0 und d
082 ## - DEWEY DECIMAL CLASSIFICATION NUMBER
Item number 1645
100 ## - MAIN ENTRY--PERSONAL NAME
Personal name परांजपे शकुंतला.
245 ## - TITLE STATEMENT
Title घराचा मालक.
Statement of responsibility, etc परांजपे शकुंतला.
260 ## - PUBLICATION, DISTRIBUTION, ETC. (IMPRINT)
Name of publisher, distributor, etc देशमुख.
Date of publication, distribution, etc 1948
300 ## - PHYSICAL DESCRIPTION
Extent 221
600 ## - SUBJECT ADDED ENTRY--PERSONAL NAME
Personal name परांजपे शकुंतला.
630 ## - SUBJECT ADDED ENTRY--UNIFORM TITLE
Uniform title घराचा मालक.
655 ## - INDEX TERM--GENRE/FORM
Genre/form data or focus term कादंबरी.
700 ## - ADDED ENTRY--PERSONAL NAME
Personal name परांजपे शकुंतला.
730 ## - ADDED ENTRY--UNIFORM TITLE
Uniform title घराचा मालक.
942 ## - ADDED ENTRY ELEMENTS (KOHA)
Koha item type Book
Holdings
Withdrawn status Lost status Damaged status Not for loan Home library Current library Date acquired Cost, normal purchase price Total Checkouts Full call number Barcode Date last seen Cost, replacement price Price effective from Koha item type
        Sarvajanik Wachanalaya Shrivardhan Sarvajanik Wachanalaya Shrivardhan 02/08/2004 5.00   1645 SAWASHRI-1645 06/30/2009 5.00 06/30/2009 Book